| 000 | 00708nam a2200169 a 4500 | ||
|---|---|---|---|
| 001 | 000030383 | ||
| 005 | 20200930062301.0 | ||
| 008 | 110516s1955 dr 000 0 spa d | ||
| 040 |
_aDO-SdBNP _bspa _cBNPHU |
||
| 082 |
_axxx _bR426 |
||
| 245 | 0 | 1 |
_aThe Dominican Republic : 25 years of peace and prosperity : _b25 years of peace and prosperity. Extension of remarks of Hon. John W. McCormack of Massachusetts in the House of Representatives, Monday, June 13, 1955 / _cJohn W. McCormack. |
| 250 | _aA reprint from the Congressional record | ||
| 260 |
_aCiudad Trujillo, República Dominicana _aEditora del Caribe, _c1955. |
||
| 300 |
_a14 p. : _b24 cm. |
||
| 700 | 1 |
_aMcCormack, John W. _957022 |
|
| 049 | _aBNPD | ||
| 999 |
_c29875 _d29875 |
||